Realistic necessity or outdated leftover? thoughts about the controversial nature of prior authorisation schemes of planned treatments abroad /
Az uniós polgárok szabad mozgása és a szociális ellátásokhoz való hozzáférésük a befogadó tagállamban az utóbbi években a figyelem és a politikai viták középpontjába került. Jelen tanulmány ennek a témakörnek egy speciális szegmensére, az egészségügyi szolgáltatásokhoz való külföldi hozzájutásra kon...
Elmentve itt :
| Szerző: | |
|---|---|
| Dokumentumtípus: | Cikk |
| Megjelent: |
Szegedi Tudományegyetem Állam- és Jogtudományi Kar
Szeged
2016
|
| Sorozat: | Acta Universitatis Szegediensis : acta juridica et politica
79 |
| Kulcsszavak: | Egészségügyi ellátás - Európai Unió, Polgári jog - Európai Unió, Munkajog - Európai Unió |
| Tárgyszavak: | |
| Online Access: | http://acta.bibl.u-szeged.hu/53893 |
| LEADER | 02381nab a2200241 i 4500 | ||
|---|---|---|---|
| 001 | acta53893 | ||
| 005 | 20231107115601.0 | ||
| 008 | 180628s2016 hu o 0|| hun d | ||
| 020 | |a 978-963-306-479-5 | ||
| 022 | |a 0324-6523 | ||
| 040 | |a SZTE Egyetemi Kiadványok Repozitórium |b hun | ||
| 041 | |a hun | ||
| 041 | |a eng | ||
| 100 | 1 | |a Berki Gabriella | |
| 245 | 1 | 0 | |a Realistic necessity or outdated leftover? |h [elektronikus dokumentum] : |b thoughts about the controversial nature of prior authorisation schemes of planned treatments abroad / |c Berki Gabriella |
| 260 | |a Szegedi Tudományegyetem Állam- és Jogtudományi Kar |b Szeged |c 2016 | ||
| 300 | |a 85-91 | ||
| 490 | 0 | |a Acta Universitatis Szegediensis : acta juridica et politica |v 79 | |
| 520 | 3 | |a Az uniós polgárok szabad mozgása és a szociális ellátásokhoz való hozzáférésük a befogadó tagállamban az utóbbi években a figyelem és a politikai viták középpontjába került. Jelen tanulmány ennek a témakörnek egy speciális szegmensére, az egészségügyi szolgáltatásokhoz való külföldi hozzájutásra koncentrál. A területet szabályozó koordinációs rendeletek szabályait véve alapul arra a kérdésre keresi a választ, vajon a tervezett egészségügyi ellátás külföldi igénybevételének feltételéül támasztott előzetes engedélyezési eljárásnak van-e létjogosultsága napjainkban. A kérdés meglehetősen sok vizsgálati szempontot vet fel, amelyeket két csoportba sorakoztatva tárgyal a tanulmány: a két – eltérő érdekek mentén működő – érdekcsoport, a betegek és a nemzeti kormányok érveit veszi górcső alá. Habár hosszabb kifejtésre a terjedelmi korlát okán nincs lehetőség, mind az engedélyezési eljárás eltörlése, mind a fenntartása mellett számos indok merül fel. Az a következtetés vonható le, hogy hiába javítaná a betegek joghelyzetét egy radikálisabb szabály-módosítás, a tagállami kormányok hajlandóságának hiánya, a politikai, jogi és gazdasági környezet alapján drasztikus változás a közeljövőben nem várható e területen. | |
| 650 | 4 | |a Társadalomtudományok | |
| 650 | 4 | |a Jogtudomány | |
| 695 | |a Egészségügyi ellátás - Európai Unió, Polgári jog - Európai Unió, Munkajog - Európai Unió | ||
| 856 | 4 | 0 | |u http://acta.bibl.u-szeged.hu/53893/1/juridpol_079_085-091.pdf |z Dokumentum-elérés |